000 00623nam a22002057a 4500
003 KPN
005 20250605153652.0
008 250605b 00| 0 eng d
020 _a9789671346501
_cRM34.90
_qpaperback
040 _cKPN
082 _223
_a741.59595 JIA 2015
090 _a741.59595 JIA 2015
_bJIA
100 _aJian, Goh,
_eauthor
245 _aOnce Upon a Miao
_bStories from the Other Side of Malaysia
_cby Jian Goh
260 _aMalaysia
_bGoh Kheng Swee
_c2015
300 _a189 pages
_bcolour illustrations
_c21 cm
650 _2Comic books, strips, etc.
_zMalaysia
650 _2Comic books and children
942 _2ddc
_c1
_n0
999 _c1594
_d1594